| 000 | 00633nam a22001457a 4500 | ||
|---|---|---|---|
| 008 | 090629t xxu||||| |||| 00| 0 eng d | ||
| 020 | _a0702215236 | ||
| 082 |
_222 _a620.12 _bDAR |
||
| 245 |
_aElectrical Properties of Wood and Line Design / _c M. Darveniza ; foreword by S.A. Prentice |
||
| 260 |
_aSt. Lucia, Q. : _bUniversity of Queensland Press, _c1980 |
||
| 300 |
_avii,196p. : _bill., diagrs., graphs, map ; _c30 cm. |
||
| 650 |
_97212 _aWood _x--Electric propertie |
||
| 942 |
_2ddc _cBB |
||
| 999 |
_c12111 _d12111 |
||